Band Names by Synonym and Antonyms - Statistics

General Stats
  • This quiz has been taken 194 times
  • The average score is 10 of 16
Answer Stats
Synonym Answer % Correct
Pistols and Tulips Guns and Roses
97%
The Windows The Doors
91%
ZYYZ ABBA
84%
Shallow Yellow Deep Purple
81%
Hotwork Coldplay
79%
Spinning Boulders Rolling Stones
78%
Red Night Green Day
77%
Affirmative Yes
64%
Metal Virgin Iron Maiden
63%
Hell (Buddhism) Nirvana
61%
Maize Korn
55%
Brownie Blondie
54%
Guppy Phish
54%
Origin Genesis
42%
Delay Rush
39%
Royal Red King Crimson
26%
No matching quizzes found
Score Distribution
Percent of People with Each Score
Percentile by Number Answered
Your Score History
You have not taken this quiz